| 000 | 00442nam a2200181Ia 4500 | ||
|---|---|---|---|
| 008 | 230524s9999 xx 000 0 und d | ||
| 020 | _a8176841287 | ||
| 082 |
_a621.39821 _bRAI |
||
| 100 | _aH.M.Rai | ||
| 245 | 0 | _aControl Systems Engineering | |
| 250 | _a4TH | ||
| 260 |
_aNEW DELHI _bSatya Prakashan _c2001 |
||
| 300 | _aVIII;912 | ||
| 500 | _aQuantity Number: 2 | ||
| 650 | _aElectrical | ||
| 700 | _a S.N.Sivanandam | ||
| 942 | _cBK | ||
| 999 |
_c17313 _d17313 |
||